Top 50 Most Visited Cities per year - Statistics

General Stats
  • This quiz has been taken 84 times
    76 since last reset
  • The average score is 42 of 50
Answer Stats
Rank Hint Answer % Correct
2 France Paris
99%
4 United Arab Emirates Dubai
97%
3 United Kingdom London
97%
1 Thailand Bangkok
96%
7 United States New York
96%
18 Italy Rome
95%
11 South Korea Seoul
95%
8 Turkey Istanbul
93%
5 Singapore Singapore
93%
9 Japan Tokyo
93%
13 Spain Barcelona
92%
38 Egypt Cairo
92%
23 Spain Madrid
92%
17 Netherlands Amsterdam
90%
30 Germany Berlin
90%
25 United States Los Angeles
90%
14 Italy Milan
90%
28 Russia Moscow
90%
35 Canada Toronto
90%
21 Austria Vienna
90%
36 Greece Athens
89%
29 Hungary Budapest
89%
6 Malaysia Kuala Lumpur
88%
26 Portugal Lisbon
88%
42 Australia Melbourne
88%
34 Mexico Mexico City
88%
24 Czech Republic Prague
88%
39 Argentina Buenos Aires
86%
32 United States Miami
86%
31 United States Chicago
85%
46 Germany Munich
85%
20 China Shanghai
85%
48 United Arab Emirates Abu Dhabi
84%
41 Indonesia Jakarta
84%
22 Italy Venice
84%
40 South Africa Cape Town
82%
49 Germany Frankfurt
82%
45 Russia St. Petersburg
82%
43 New Zealand Auckland
81%
12 China Hong Kong
81%
15 Japan Osaka
81%
44 United States Boston
79%
50 United Kingdom Edinburgh
78%
27 Italy Florence
77%
47 Japan Kyoto
73%
37 Morocco Marrakech
70%
16 Thailand Phuket
63%
10 Turkey Antalya
62%
19 Thailand Pattaya
33%
33 United States San Franciso
7%
No matching quizzes found
Score Distribution
Percent of People with Each Score
Percentile by Number Answered
Your Score History
You have not taken this quiz since the last reset